[Event "7. Torneo de São José do Rio Preto - B"]
[Site "São José do Rio Preto BRA"]
[Date "2008.03.26"]
[Round "6.1"]
[White "Brandao, Evandro Alves"]
[Black "Rodrigues, Tiago"]
[Result "1-0"]
[WhiteElo "2029"]
[BlackElo "2113"]
[PlyCount "87"]
[EventDate "2008.03.24"]
[EventType "tourn"]
[EventRounds "11"]
[EventCountry "BRA"]
[Source "lmi"]
[SourceDate "2008.03.24"]

1. e4 c5 2. Nf3 d6 3. d3 Nc6 4. g3 g6 5. Bg2 Bg7 6. O-O e6 7. Re1 Nge7 8. c3
Rb8 9. a4 a6 10. Na3 b5 11. axb5 axb5 12. d4 cxd4 13. cxd4 d5 14. Bf4 Rb6 15.
e5 O-O 16. Bf1 b4 17. Nc2 Nf5 18. Ne3 Nxe3 19. Rxe3 Bd7 20. Qd2 Ne7 21. Rb3 Qb8
22. Bg5 f6 23. Bxf6 Bxf6 24. exf6 Rxf6 25. Qg5 Kg7 26. Ne5 Be8 27. Rf3 Rxf3 28.
Qxe7+ Rf7 29. Nxf7 Bxf7 30. Ra7 Qf8 31. Qc7 Rb8 32. Bh3 Re8 33. Rb7 Kg8 34. Qb6
e5 35. Bd7 Re7 36. Rb8 Be8 37. Be6+ Kg7 38. dxe5 Qf3 39. Rb7 Qd1+ 40. Kg2 Rxb7
41. Qxb7+ Kh6 42. Qe7 Bc6 43. Qf8+ Kh5 44. g4+ 1-0

[Event "7. Torneo de São José do Rio Preto - B"]
[Site "São José do Rio Preto BRA"]
[Date "2008.03.26"]
[Round "6.2"]
[White "Narvaez, Eduardo de Oliveira"]
[Black "Zallio, Luciano Souza"]
[Result "1-0"]
[WhiteElo "2031"]
[BlackElo "2087"]
[PlyCount "135"]
[EventDate "2008.03.24"]
[EventType "tourn"]
[EventRounds "11"]
[EventCountry "BRA"]
[Source "lmi"]
[SourceDate "2008.03.24"]

1. d4 Nf6 2. c4 g6 3. Nf3 Bg7 4. Nc3 d5 5. Bf4 c6 6. cxd5 Nxd5 7. Nxd5 Qxd5 8.
e3 Bg4 9. Be2 Qa5+ 10. Nd2 Bxe2 11. Qxe2 O-O 12. O-O Nd7 13. Rfe1 Qf5 14. Nc4
Nb6 15. Bg3 Qd5 16. Rac1 Rac8 17. b3 Rfe8 18. h3 f6 19. e4 Qf7 20. Red1 Nxc4
21. Rxc4 e6 22. f3 Red8 23. Rc3 Rd7 24. Rcd3 Rcd8 25. e5 fxe5 26. dxe5 Rd5 27.
Rxd5 Rxd5 28. Rxd5 cxd5 29. Qb5 Bf8 30. Bf2 b6 31. Bg3 Bc5+ 32. Kh2 Be3 33. Qc6
Bf4 34. Qd6 Bxg3+ 35. Kxg3 Kg7 36. Kf2 g5 37. g4 Kg6 38. a3 h5 39. a4 h4 40.
Qd8 Qg7 41. Qe8+ Qf7 42. Qh8 Qe7 43. Qg8+ Kh6 44. Ke2 d4 45. Kd3 a5 46. Qb8 Kg7
47. Qxb6 Qd7 48. Qb5 Qa7 49. Qc6 Qe7 50. Qc8 Qb4 51. Qd7+ Kh6 52. Qxe6+ Kh7 53.
Qf7+ Kh8 54. Qh5+ Kg8 55. Qxg5+ Kh8 56. Qd8+ Kh7 57. Qd7+ Kh8 58. Qe8+ Kg7 59.
Qd7+ Kh8 60. Qd8+ Kg7 61. Qc7+ Kh8 62. Qc4 Qe1 63. Qxd4 Qf1+ 64. Ke4 Qxh3 65.
Qd8+ Kh7 66. Qe7+ Kg8 67. e6 Qg3 68. Qf7+ 1-0

[Event "7. Torneo de São José do Rio Preto - B"]
[Site "São José do Rio Preto BRA"]
[Date "2008.03.26"]
[Round "6.3"]
[White "Polachini, Diego"]
[Black "De Jesus Maria Cardoso, Arnulfo"]
[Result "1-0"]
[WhiteElo "1971"]
[BlackElo "1854"]
[PlyCount "69"]
[EventDate "2008.03.24"]
[EventType "tourn"]
[EventRounds "11"]
[EventCountry "BRA"]
[Source "lmi"]
[SourceDate "2008.03.24"]

1. d4 d5 2. Nf3 Nf6 3. Bf4 e6 4. e3 Be7 5. Bd3 c6 6. c4 Nbd7 7. O-O O-O 8. h3
b6 9. cxd5 cxd5 10. Nc3 a6 11. Rc1 Bb7 12. Qe2 b5 13. Rc2 Nb6 14. Nxb5 Nc4 15.
Nc3 Rc8 16. Rfc1 Bd6 17. Bxd6 Qxd6 18. Na4 Nd7 19. b3 Na3 20. Rxc8 Rxc8 21. Qb2
Rxc1+ 22. Qxc1 Nb5 23. Nc5 Nxc5 24. dxc5 Qc7 25. Bxb5 axb5 26. Qc3 Bc6 27. Nd4
g6 28. Qb4 Qd7 29. Nxc6 Qxc6 30. a4 bxa4 31. bxa4 e5 32. Qb8+ Kg7 33. Qxe5+ Kh6
34. Qd6 Qxa4 35. c6 1-0

[Event "7. Torneo de São José do Rio Preto - B"]
[Site "São José do Rio Preto BRA"]
[Date "2008.03.26"]
[Round "6.4"]
[White "Camargo, Peter Jackson Mille"]
[Black "Shiroma, Silvio Hauro"]
[Result "0-1"]
[WhiteElo "1834"]
[BlackElo "2117"]
[PlyCount "74"]
[EventDate "2008.03.24"]
[EventType "tourn"]
[EventRounds "11"]
[EventCountry "BRA"]
[Source "lmi"]
[SourceDate "2008.03.24"]

1. d4 Nf6 2. Nf3 g6 3. e3 Bg7 4. Bd3 O-O 5. O-O d6 6. Nbd2 Nbd7 7. c3 e5 8.
dxe5 dxe5 9. e4 Qe7 10. Ne1 Nc5 11. Bc2 Rd8 12. Qe2 a5 13. a4 b6 14. b4 axb4
15. cxb4 Ne6 16. b5 Nd4 17. Qe3 Nxb5 18. Nef3 Nd4 19. Bd1 Ba6 20. Re1 h6 21. h3
c5 22. Bb2 Nh5 23. g3 Qe6 24. Kh2 Rd6 25. Ra3 Kh7 26. Rc3 Rad8 27. Bc1 R8d7 28.
Nh4 Nf6 29. f4 Ng8 30. Bg4 f5 31. exf5 gxf5 32. fxe5 Rd5 33. Nxf5 Nxf5 34. Qf4
Rf7 35. Rf3 Nge7 36. Bb2 Rf8 37. Qe4 Rxd2+ 0-1

[Event "7. Torneo de São José do Rio Preto - B"]
[Site "São José do Rio Preto BRA"]
[Date "2008.03.26"]
[Round "6.6"]
[White "Freire Dos Santos, Fernando Junior"]
[Black "Fernandes, Luiz"]
[Result "1-0"]
[WhiteElo "2065"]
[BlackElo "1558"]
[PlyCount "65"]
[EventDate "2008.03.24"]
[EventType "tourn"]
[EventRounds "11"]
[EventCountry "BRA"]
[Source "lmi"]
[SourceDate "2008.03.24"]

1. d4 g6 2. Nf3 Bg7 3. g3 e6 4. Bg2 d5 5. O-O Nf6 6. c4 c5 7. dxc5 Qa5 8. cxd5
Nxd5 9. e4 Ne7 10. Be3 Bxb2 11. Nbd2 Qd8 12. Qb1 Bg7 13. Rd1 O-O 14. Nc4 Qc7
15. Qc1 Rd8 16. Rd6 f5 17. Nd4 Nec6 18. Nb5 Qe7 19. Bg5 Qf7 20. Bxd8 Na6 21.
Rb1 Bd7 22. Bg5 Ncb4 23. Nc7 Nxa2 24. Qd2 Nc3 25. Rxb7 Nxc5 26. Nxa8 Nxb7 27.
Rxd7 Qe8 28. Rxb7 Qxa8 29. Rxg7+ Kxg7 30. Qd7+ Kg8 31. Qxe6+ Kg7 32. Qe7+ Kg8
33. Bh6 1-0

[Event "7. Torneo de São José do Rio Preto - B"]
[Site "São José do Rio Preto BRA"]
[Date "2008.03.27"]
[Round "7.1"]
[White "Fernandes, Luiz"]
[Black "Brandao, Evandro Alves"]
[Result "0-1"]
[WhiteElo "1558"]
[BlackElo "2029"]
[PlyCount "56"]
[EventDate "2008.03.24"]
[EventType "tourn"]
[EventRounds "11"]
[EventCountry "BRA"]
[Source "lmi"]
[SourceDate "2008.03.24"]

1. e4 c5 2. f4 g6 3. Nf3 Bg7 4. Nc3 Nc6 5. Bc4 e6 6. O-O Nge7 7. d3 d5 8. exd5
exd5 9. Bb3 O-O 10. Bd2 Bg4 11. Qe1 Qd7 12. Ne5 Nxe5 13. fxe5 Rae8 14. Bf4 b5
15. a4 c4 16. dxc4 bxc4 17. Ba2 a6 18. Qg3 h5 19. h3 Be6 20. Bg5 Nf5 21. Qf4
Qa7+ 22. Kh1 Qb8 23. Bf6 Qxb2 24. g4 Qxc3 25. gxf5 Qxh3+ 26. Qh2 Qxh2+ 27. Kxh2
Bxf5 28. Bxg7 Kxg7 0-1

[Event "7. Torneo de São José do Rio Preto - B"]
[Site "São José do Rio Preto BRA"]
[Date "2008.03.27"]
[Round "7.2"]
[White "Pichuaga, Juan Pablo"]
[Black "Freire Dos Santos, Fernando Junior"]
[Result "1/2-1/2"]
[WhiteElo "2184"]
[BlackElo "2065"]
[PlyCount "108"]
[EventDate "2008.03.24"]
[EventType "tourn"]
[EventRounds "11"]
[EventCountry "BRA"]
[Source "lmi"]
[SourceDate "2008.03.24"]

1. e4 e5 2. Nf3 Nc6 3. Bb5 a6 4. Bxc6 dxc6 5. d3 Qf6 6. Nbd2 Ne7 7. Nc4 Ng6 8.
Bg5 Qe6 9. Qd2 f6 10. Be3 c5 11. O-O Qg4 12. Ne1 Be6 13. f3 Qh5 14. g3 b5 15.
Na5 Rb8 16. Nb3 c4 17. Nc5 Bc8 18. dxc4 Bd6 19. cxb5 Rxb5 20. Ncd3 Nf8 21. c4
Rb8 22. c5 Be7 23. Nb4 Bb7 24. Nd5 Bd8 25. Rc1 Qf7 26. c6 Bc8 27. f4 exf4 28.
Bxf4 Ne6 29. e5 f5 30. Be3 O-O 31. Ng2 g5 32. Rf2 Qg7 33. Qc3 Rb5 34. Rd1 Re8
35. a4 Rb8 36. Nf6+ Bxf6 37. exf6 Qg6 38. Rdf1 Nf8 39. Bc5 Qf7 40. Be7 Ng6 41.
Re1 Be6 42. Qe3 Bd5 43. Qxg5 Bxc6 44. h4 Kh8 45. Qxf5 Nxe7 46. Rxe7 Rxe7 47.
fxe7 Qxe7 48. Qf6+ Qxf6 49. Rxf6 Bxg2 50. Kxg2 Rxb2+ 51. Kh3 Rb6 52. Rf7 Rb4
53. Rxc7 Rxa4 54. h5 h6 1/2-1/2

[Event "7. Torneo de São José do Rio Preto - B"]
[Site "São José do Rio Preto BRA"]
[Date "2008.03.27"]
[Round "7.4"]
[White "De Jesus Maria Cardoso, Arnulfo"]
[Black "Camargo, Peter Jackson Mille"]
[Result "0-1"]
[WhiteElo "1854"]
[BlackElo "1834"]
[PlyCount "62"]
[EventDate "2008.03.24"]
[EventType "tourn"]
[EventRounds "11"]
[EventCountry "BRA"]
[Source "lmi"]
[SourceDate "2008.03.24"]

1. e4 d5 2. exd5 Qxd5 3. d4 Nf6 4. c4 Qd6 5. Nc3 c6 6. g3 Bg4 7. Qd3 Na6 8. a3
Rd8 9. Nge2 e5 10. Qe3 Nd7 11. Bg2 Be7 12. O-O Bxe2 13. Nxe2 O-O 14. b4 exd4
15. Nxd4 Bf6 16. Bb2 Rfe8 17. Be4 Bxd4 18. Bxd4 f5 19. Qg5 Qxd4 20. Bxf5 Qf6
21. Qg4 Ne5 22. Qh3 Nf3+ 23. Kg2 Ng5 24. Qg4 Rd4 25. f4 Nf7 26. Rae1 Nd6 27.
Rxe8+ Nxe8 28. Re1 Nac7 29. Bd7 Rd2+ 30. Kh1 Nd6 31. c5 Ne4 0-1

[Event "7. Torneo de São José do Rio Preto - B"]
[Site "São José do Rio Preto BRA"]
[Date "2008.03.27"]
[Round "7.5"]
[White "Zallio, Luciano Souza"]
[Black "Polachini, Diego"]
[Result "0-1"]
[WhiteElo "2087"]
[BlackElo "1971"]
[PlyCount "116"]
[EventDate "2008.03.24"]
[EventType "tourn"]
[EventRounds "11"]
[EventCountry "BRA"]
[Source "lmi"]
[SourceDate "2008.03.24"]

1. e4 c6 2. d4 d5 3. exd5 cxd5 4. Bd3 Nf6 5. Ne2 Nc6 6. O-O Bg4 7. c3 e6 8. Bg5
Bd6 9. f3 Bh5 10. Na3 a6 11. Nc2 Bg6 12. Ne3 Bxd3 13. Qxd3 Qc7 14. Bxf6 gxf6
15. f4 f5 16. b4 Rg8 17. a3 Qe7 18. Rad1 Rd8 19. c4 dxc4 20. Qxc4 Na7 21. d5
Rg6 22. Ng3 Qh4 23. dxe6 fxe6 24. Rfe1 Qxf4 25. Rxd6 Qxd6 26. Ngxf5 Qc6 27. Qh4
Rd7 28. Ng4 Kf8 29. Nfh6 Qb6+ 30. Kh1 Qc6 31. Qf2+ Kg7 32. Ne5 Qxg2+ 33. Qxg2
Rxg2 34. Nxd7 Rd2 35. Nc5 Kxh6 36. Rxe6+ Kh5 37. Nxb7 Rd1+ 38. Kg2 Rd2+ 39. Kg3
Rd3+ 40. Kf4 Rxa3 41. Nc5 Nb5 42. Ne4 Rf3+ 43. Ke5 Re3 44. Kf6 Nd4 45. Re8 Rf3+
46. Kg7 Nc6 47. Rh8 Nxb4 48. Rxh7+ Kg4 49. Nf6+ Kf4 50. Rh4+ Ke5 51. Rxb4 Rxf6
52. Re4+ Kxe4 53. Kxf6 a5 54. h4 a4 55. h5 a3 56. h6 a2 57. Kf7 a1=Q 58. Kf8
Qh8+ 0-1

[Event "7. Torneo de São José do Rio Preto - B"]
[Site "São José do Rio Preto BRA"]
[Date "2008.03.27"]
[Round "7.6"]
[White "Rodrigues, Tiago"]
[Black "Narvaez, Eduardo de Oliveira"]
[Result "0-1"]
[WhiteElo "2113"]
[BlackElo "2031"]
[PlyCount "188"]
[EventDate "2008.03.24"]
[EventType "tourn"]
[EventRounds "11"]
[EventCountry "BRA"]
[Source "lmi"]
[SourceDate "2008.03.24"]

1. c4 Nf6 2. Nc3 g6 3. d4 Bg7 4. e4 d6 5. f4 O-O 6. Nf3 c5 7. dxc5 dxc5 8. Qxd8
Rxd8 9. Be3 Nfd7 10. O-O-O Nc6 11. e5 b6 12. Bd3 Bb7 13. Be4 Nf8 14. Bd5 Na5
15. Kc2 Bxd5 16. cxd5 f6 17. Rhe1 Nc4 18. Bc1 fxe5 19. fxe5 Nd7 20. Bf4 a6 21.
b3 Na3+ 22. Kb2 Nb5 23. a4 Nxc3 24. Kxc3 b5 25. a5 h6 26. h4 Nf8 27. Kc2 e6 28.
d6 Nd7 29. Kd3 Rf8 30. Ke4 Rac8 31. Rc1 Kf7 32. Rc2 Kg8 33. Rec1 Rfe8 34. Be3
Rf8 35. Bxc5 Rf5 36. Bd4 Rcf8 37. Rc8 g5 38. hxg5 hxg5 39. Rxf8+ Kxf8 40. Rc7
Ke8 41. Rc8+ Kf7 42. Rd8 Nf8 43. Be3 g4 44. Ng5+ Kg6 45. Bf4 Bh6 46. g3 Bxg5
47. Bxg5 Kxg5 48. Ra8 Nd7 49. Kd4 Rxe5 50. Rxa6 Rd5+ 51. Ke3 Kf5 52. b4 Ke5 53.
Ra8 Kxd6 54. Rg8 Rd1 55. Rxg4 Rb1 56. Rd4+ Kc6 57. Kd2 Ne5 58. Kc2 Rg1 59. Re4
Kd5 60. Re3 Nc6 61. Kc3 Rc1+ 62. Kb2 Rc4 63. Ra3 Rxb4+ 64. Kc2 Rc4+ 65. Kb3 Kc5
66. Ra1 e5 67. a6 Kb6 68. Kb2 Rg4 69. Ra3 b4 70. Ra4 Rg7 71. g4 Ra7 72. Ra1
Rxa6 73. Rg1 Ra7 74. g5 Rg7 75. Kb3 Kb5 76. Rg4 Nd4+ 77. Kb2 Ne6 78. g6 Nf8 79.
Kb3 Rxg6 80. Rxb4+ Kc5 81. Rh4 Ne6 82. Kc3 Rg3+ 83. Kd2 Nf4 84. Rh8 Kd4 85.
Rd8+ Nd5 86. Ke1 Rg2 87. Re8 e4 88. Kf1 Rb2 89. Rd8 e3 90. Ke1 Ke4 91. Re8+ Kf3
92. Kd1 Nf4 93. Kc1 Nd3+ 94. Kd1 Rd2# 0-1

[Event "7. Torneo de São José do Rio Preto - B"]
[Site "São José do Rio Preto BRA"]
[Date "2008.03.28"]
[Round "8.1"]
[White "Brandao, Evandro Alves"]
[Black "Narvaez, Eduardo de Oliveira"]
[Result "1-0"]
[WhiteElo "2029"]
[BlackElo "2031"]
[PlyCount "175"]
[EventDate "2008.03.24"]
[EventType "tourn"]
[EventRounds "11"]
[EventCountry "BRA"]
[Source "lmi"]
[SourceDate "2008.03.24"]

1. e4 c5 2. Nf3 e6 3. d3 Nc6 4. g3 g6 5. Bg2 Bg7 6. O-O Nge7 7. Re1 d6 8. c3
O-O 9. a4 e5 10. Na3 a6 11. Nc4 Rb8 12. a5 Be6 13. Nfd2 Nc8 14. f4 f6 15. Rf1
Bh6 16. Nb3 Bxc4 17. dxc4 Qe8 18. Qd3 Qf7 19. Be3 Kh8 20. Rf2 Bg7 21. Ra3 Rd8
22. Bh3 N8e7 23. f5 g5 24. Na1 b6 25. axb6 a5 26. Nb3 a4 27. Rxa4 Rxb6 28. Na5
Nxa5 29. Rxa5 Nc6 30. Ra4 Rb3 31. Qd1 Qb7 32. Qa1 Rb8 33. Bc1 Bf8 34. Bg4 Ne7
35. Re2 Nc8 36. Re1 Qf7 37. Bd1 R3b7 38. b3 Ra7 39. Re2 Rxa4 40. Qxa4 Qb7 41.
Qe8 Nb6 42. Qe6 Nd7 43. h4 g4 44. Re1 Rd8 45. Qf7 Bg7 46. h5 h6 47. Bd2 Ra8 48.
Qg6 Nf8 49. Qxg4 Ra2 50. Qe2 Nh7 51. Qd3 Qa6 52. b4 cxb4 53. cxb4 Ra3 54. Bb3
Qb6+ 55. Kg2 Nf8 56. c5 dxc5 57. Qc4 Rxb3 58. Qxb3 Qd8 59. Rd1 cxb4 60. Bxb4
Qa8 61. Qd5 Qa4 62. Bxf8 Bxf8 63. Kh3 Qe8 64. Kh4 Be7 65. Qe6 Qf8 66. Qb3 Qg7
67. Qf3 Qg5+ 68. Kh3 Bc5 69. Qg4 Qxg4+ 70. Kxg4 Be3 71. Rd7 Kg8 72. Kf3 Bc1 73.
Ke2 Kf8 74. Kd3 Ke8 75. Rb7 Bg5 76. Kc4 Be3 77. Kd5 Bg5 78. Ke6 Kf8 79. Ra7 Kg8
80. Rf7 Kh8 81. Rxf6 Bc1 82. Rf7 Bg5 83. Kxe5 Kg8 84. Rb7 Bd2 85. f6 Be1 86.
Kf5 Bxg3 87. Kg6 Kf8 88. Ra7 1-0

[Event "7. Torneo de São José do Rio Preto - B"]
[Site "São José do Rio Preto BRA"]
[Date "2008.03.28"]
[Round "8.2"]
[White "Polachini, Diego"]
[Black "Rodrigues, Tiago"]
[Result "0-1"]
[WhiteElo "1971"]
[BlackElo "2113"]
[PlyCount "176"]
[EventDate "2008.03.24"]
[EventType "tourn"]
[EventRounds "11"]
[EventCountry "BRA"]
[Source "lmi"]
[SourceDate "2008.03.24"]

1. Nf3 c5 2. e3 d5 3. d4 Nf6 4. c4 cxd4 5. Nxd4 e5 6. Nb5 a6 7. N5c3 d4 8. exd4
exd4 9. Nd5 Nxd5 10. cxd5 Qxd5 11. Nd2 Nc6 12. Nf3 Bb4+ 13. Bd2 O-O 14. Bd3
Re8+ 15. Kf1 Bg4 16. Qc2 Bxf3 17. gxf3 Qxf3 18. Rg1 Bxd2 19. Qxd2 g6 20. Rg2
Re7 21. Kg1 Rae8 22. Rg3 Qf6 23. Kh1 Ne5 24. Bf1 Nf3 25. Qh6 Re1 26. Rxe1 Rxe1
27. Kg2 Nh4+ 28. Kg1 Nf5 29. Qf4 Qe5 30. Qxe5 Rxe5 31. Rb3 b5 32. Ra3 Rd5 33.
Bd3 Rd6 34. Bxf5 gxf5 35. Kf1 Kg7 36. Ke2 Kf6 37. Rh3 Kg6 38. Rg3+ Kf6 39. Rh3
Kg7 40. Rg3+ Kf8 41. Rh3 h6 42. Rh5 Ke7 43. Rxf5 Rf6 44. Rd5 Rf4 45. Rh5 d3+
46. Kxd3 Rxf2 47. Kc3 Rf6 48. a3 Rd6 49. Rf5 Kf8 50. Rf2 Kg7 51. Rg2+ Rg6 52.
Rf2 Rg5 53. Rd2 h5 54. Rd6 Rg6 55. Rd2 Rc6+ 56. Kb4 f6 57. Rf2 Kg6 58. Kb3 h4
59. Rg2+ Kf5 60. Rg8 Kf4 61. Rd8 Kf3 62. Rd3+ Kg2 63. Rd2+ Kg1 64. h3 f5 65.
Rd5 Rf6 66. Rd4 f4 67. Kc2 Kg2 68. Kd2 Kxh3 69. Ke1 Kg2 70. Kd2 Kg1 71. Rd5 Re6
72. Kd1 f3 73. Rg5+ Kf2 74. Rh5 Rd6+ 75. Kc2 Kg3 76. Rg5+ Kf4 77. Rg8 h3 78.
Rf8+ Kg4 79. Rg8+ Kf4 80. Rf8+ Kg3 81. Rg8+ Kf2 82. Rh8 Kg1 83. Rg8+ Kf1 84.
Rh8 f2 85. Rxh3 Kg2 86. Rh8 f1=Q 87. Rg8+ Kh3 88. Rh8+ Kg4 0-1

[Event "7. Torneo de São José do Rio Preto - B"]
[Site "São José do Rio Preto BRA"]
[Date "2008.03.28"]
[Round "8.3"]
[White "Camargo, Peter Jackson Mille"]
[Black "Zallio, Luciano Souza"]
[Result "1-0"]
[WhiteElo "1834"]
[BlackElo "2087"]
[PlyCount "129"]
[EventDate "2008.03.24"]
[EventType "tourn"]
[EventRounds "11"]
[EventCountry "BRA"]
[Source "lmi"]
[SourceDate "2008.03.24"]

1. d4 Nf6 2. c4 g6 3. Nf3 Bg7 4. Nc3 d5 5. Bf4 c6 6. e3 O-O 7. Be2 Re8 8. cxd5
Nxd5 9. Nxd5 Qxd5 10. O-O Nd7 11. Re1 Nf6 12. h3 Bf5 13. Nh4 Be6 14. Nf3 Rad8
15. b3 Qa5 16. Qc2 Nd5 17. Be5 f6 18. Bg3 Bf7 19. e4 Nb4 20. Qc3 Qb6 21. a3 Na6
22. b4 Nb8 23. Rec1 Nd7 24. a4 Rc8 25. a5 Qd8 26. Rc2 e6 27. Rac1 Qe7 28. Qb2
Bh6 29. Rb1 a6 30. Re1 Bf8 31. Rb1 g5 32. Bc4 h5 33. h4 Kh7 34. e5 Bg6 35. exf6
Qxf6 36. Nxg5+ Kh8 37. Re1 Bg7 38. Rce2 e5 39. dxe5 Qf5 40. f4 b5 41. Bb3 c5
42. Rd2 Qg4 43. Kh2 cxb4 44. Bd1 Qf5 45. Bf3 Nc5 46. Red1 b3 47. Qa3 Bf8 48.
Qb2 Bg7 49. Qa3 Bf8 50. Qb2 Bg7 51. Bd5 Na4 52. Qxb3 Rc3 53. Qb4 Bf8 54. Qd4
Bc5 55. Qe4 Qg4 56. Qe1 Re3 57. Qf2 Rc3 58. Qe1 Nb2 59. Bf3 Qc8 60. Rb1 Bxb1
61. Qxb1 Re7 62. Qxb2 Qc7 63. e6 Kg8 64. f5 Ba7 65. f6 1-0

[Event "7. Torneo de São José do Rio Preto - B"]
[Site "São José do Rio Preto BRA"]
[Date "2008.03.28"]
[Round "8.5"]
[White "Freire Dos Santos, Fernando Junior"]
[Black "Shiroma, Silvio Hauro"]
[Result "0-1"]
[WhiteElo "2065"]
[BlackElo "2117"]
[PlyCount "66"]
[EventDate "2008.03.24"]
[EventType "tourn"]
[EventRounds "11"]
[EventCountry "BRA"]
[Source "lmi"]
[SourceDate "2008.03.24"]

1. Nf3 Nf6 2. d4 g6 3. g3 Bg7 4. Bg2 O-O 5. O-O d6 6. a4 Na6 7. a5 Bd7 8. Re1
c5 9. Nc3 Re8 10. Bg5 h6 11. Be3 Bc6 12. d5 Bd7 13. h3 b5 14. axb6 axb6 15. Bd2
b5 16. e4 b4 17. Na4 Qb8 18. c4 Nh7 19. Ra2 Nf8 20. Qb3 Nc7 21. e5 Ra6 22. Rea1
Qa7 23. Nxc5 dxc5 24. d6 exd6 25. exd6 Ra8 26. Rxa6 Nxa6 27. Ne1 Rd8 28. Be3
Ne6 29. Nd3 Qb6 30. Qa2 Bc8 31. Nf4 Nxf4 32. Bxf4 g5 33. Be3 Rxd6 0-1

[Event "7. Torneo de São José do Rio Preto - B"]
[Site "São José do Rio Preto BRA"]
[Date "2008.03.28"]
[Round "8.6"]
[White "Fernandes, Luiz"]
[Black "Pichuaga, Juan Pablo"]
[Result "0-1"]
[WhiteElo "1558"]
[BlackElo "2184"]
[PlyCount "106"]
[EventDate "2008.03.24"]
[EventType "tourn"]
[EventRounds "11"]
[EventCountry "BRA"]
[Source "lmi"]
[SourceDate "2008.03.24"]

1. e4 Nf6 2. e5 Nd5 3. c4 Nb6 4. d4 d6 5. exd6 exd6 6. Nc3 Be7 7. Nf3 O-O 8.
Be2 Bf5 9. O-O Bf6 10. Be3 c6 11. Re1 d5 12. c5 Nc8 13. h3 Re8 14. Bd3 Bxd3 15.
Qxd3 Na6 16. a3 Nc7 17. Bf4 Ne6 18. Be5 Bxe5 19. Nxe5 Nf8 20. Qf3 f6 21. Nd3
Ne7 22. Re2 Neg6 23. Rxe8 Qxe8 24. Re1 Qd7 25. b4 Re8 26. Rxe8 Qxe8 27. Qe3 Kf7
28. Qxe8+ Kxe8 29. b5 Nh4 30. Nb4 Kd7 31. bxc6+ bxc6 32. Nc2 Ne6 33. Ne2 Kc7
34. Kf1 Kb7 35. f4 Ka6 36. g3 Nf5 37. Kf2 Kb5 38. g4 Ne7 39. Ke3 Kc4 40. Kd2 g5
41. f5 Nf4 42. Ne3+ Kb3 43. Nxf4 gxf4 44. Ng2 f3 45. Nf4 Kxa3 46. Ne6 Kb3 47.
h4 h6 48. Nd8 a5 49. Nf7 a4 50. Nxh6 a3 51. g5 a2 52. gxf6 a1=Q 53. f7 Qc3+ 0-1

[Event "7. Torneo de São José do Rio Preto - B"]
[Site "São José do Rio Preto BRA"]
[Date "2008.03.28"]
[Round "9.1"]
[White "Pichuaga, Juan Pablo"]
[Black "Brandao, Evandro Alves"]
[Result "1-0"]
[WhiteElo "2184"]
[BlackElo "2029"]
[PlyCount "99"]
[EventDate "2008.03.24"]
[EventType "tourn"]
[EventRounds "11"]
[EventCountry "BRA"]
[Source "lmi"]
[SourceDate "2008.03.24"]

1. e4 c5 2. Nc3 g6 3. g3 Bg7 4. Bg2 Nc6 5. d3 d6 6. Be3 e5 7. Nge2 Nge7 8. O-O
O-O 9. Qd2 Rb8 10. Nd5 Nxd5 11. exd5 Ne7 12. Bh6 b5 13. Bxg7 Kxg7 14. f4 f6 15.
fxe5 dxe5 16. c4 Qb6 17. b3 b4 18. h3 Nf5 19. g4 Nd6 20. Ng3 Rb7 21. Rae1 Re7
22. Qb2 a5 23. g5 Nf5 24. gxf6+ Qxf6 25. Ne4 Qb6 26. Qf2 Rc7 27. Nd2 Qf6 28.
Nf3 Re8 29. Re2 Rce7 30. Nd2 Qb6 31. Ne4 Nd4 32. Re3 Bf5 33. Qh4 Bxe4 34. Bxe4
Qd6 35. Ree1 Rf8 36. Rxf8 Kxf8 37. Rf1+ Kg8 38. Rf2 Rg7 39. Rf6 Qd8 40. d6 Ne2+
41. Kh2 Nf4 42. Qg5 Nh5 43. Bd5+ Kh8 44. Re6 Qf8 45. Qxe5 Qf2+ 46. Bg2 Qf4+ 47.
Qxf4 Nxf4 48. Re8+ Rg8 49. d7 Ne6 50. Bd5 1-0

[Event "7. Torneo de São José do Rio Preto - B"]
[Site "São José do Rio Preto BRA"]
[Date "2008.03.29"]
[Round "9.2"]
[White "Shiroma, Silvio Hauro"]
[Black "Fernandes, Luiz"]
[Result "1-0"]
[WhiteElo "2117"]
[BlackElo "1558"]
[PlyCount "103"]
[EventDate "2008.03.24"]
[EventType "tourn"]
[EventRounds "11"]
[EventCountry "BRA"]
[Source "lmi"]
[SourceDate "2008.03.24"]

1. e4 d5 2. exd5 Qxd5 3. Nc3 Qa5 4. d4 c6 5. Nf3 Nf6 6. Bc4 Bf5 7. Bd2 Qc7 8.
Ne5 e6 9. Bf4 Bd6 10. Qd2 O-O 11. O-O-O Nbd7 12. Rhe1 Nb6 13. Bd3 Bxd3 14. Qxd3
Nfd5 15. Bd2 c5 16. Nb5 Qd8 17. c4 Ne7 18. dxc5 Bxe5 19. Qxd8 Rfxd8 20. cxb6
Nc6 21. Nxa7 Bd4 22. Nxc6 bxc6 23. b7 Rab8 24. Ba5 Rd7 25. Bb6 e5 26. Rxd4 exd4
27. Ba7 Rdxb7 28. Bxb8 Rxb8 29. Re7 Rc8 30. c5 Kf8 31. Rd7 Ra8 32. Rxd4 Rxa2
33. Rd6 Ra1+ 34. Kc2 Rf1 35. Rd2 Ke7 36. h4 f5 37. g3 h6 38. Kd3 Rc1 39. Re2+
Kf6 40. Kd4 Rd1+ 41. Kc4 Rc1+ 42. Kb4 Rd1 43. Ka5 Rc1 44. Kb6 Rc4 45. Kxc6 g5
46. hxg5+ hxg5 47. Kd6 Rd4+ 48. Kc7 Rc4 49. c6 f4 50. gxf4 gxf4 51. Kd7 f3 52.
Re3 1-0

[Event "7. Torneo de São José do Rio Preto - B"]
[Site "São José do Rio Preto BRA"]
[Date "2008.03.28"]
[Round "9.3"]
[White "De Jesus Maria Cardoso, Arnulfo"]
[Black "Freire Dos Santos, Fernando Junior"]
[Result "0-1"]
[WhiteElo "1854"]
[BlackElo "2065"]
[PlyCount "68"]
[EventDate "2008.03.24"]
[EventType "tourn"]
[EventRounds "11"]
[EventCountry "BRA"]
[Source "lmi"]
[SourceDate "2008.03.24"]

1. e4 e5 2. Nf3 Nc6 3. Bb5 a6 4. Ba4 Nf6 5. O-O Nxe4 6. Re1 Nc5 7. Bxc6 dxc6 8.
Nxe5 Be7 9. d3 O-O 10. Nc3 Ne6 11. Bd2 Nd4 12. h3 c5 13. Ne4 f5 14. Nc3 b5 15.
Ne2 Bb7 16. c3 Nxe2+ 17. Qxe2 Qd5 18. Nf3 Rae8 19. Qe6+ Qxe6 20. Rxe6 Bf6 21.
Rae1 Rxe6 22. Rxe6 Kf7 23. Re1 Bxf3 24. gxf3 Rd8 25. Re3 Bg5 26. Re2 Bf6 27.
Re3 f4 28. Re4 g5 29. d4 cxd4 30. cxd4 Bxd4 31. Bc3 Bxc3 32. bxc3 Kf6 33. a4
Rd3 34. axb5 axb5 0-1

[Event "7. Torneo de São José do Rio Preto - B"]
[Site "São José do Rio Preto BRA"]
[Date "2008.03.28"]
[Round "9.5"]
[White "Rodrigues, Tiago"]
[Black "Camargo, Peter Jackson Mille"]
[Result "1-0"]
[WhiteElo "2113"]
[BlackElo "1834"]
[PlyCount "49"]
[EventDate "2008.03.24"]
[EventType "tourn"]
[EventRounds "11"]
[EventCountry "BRA"]
[Source "lmi"]
[SourceDate "2008.03.24"]

1. c4 e5 2. Nc3 Nf6 3. g3 c6 4. d4 exd4 5. Qxd4 d5 6. Bg5 Be7 7. cxd5 h6 8.
Bxf6 Bxf6 9. Qe3+ Qe7 10. Qxe7+ Kxe7 11. dxc6 bxc6 12. Bh3 Nd7 13. O-O-O g5 14.
Ne4 Bg7 15. Nd6 Nb6 16. Bxc8 Nxc8 17. Nf5+ Kf6 18. Nxg7 Kxg7 19. Nf3 Nb6 20.
Rd6 Rhe8 21. Nd4 Re5 22. Rxc6 Rd8 23. e3 Rd7 24. Rd1 Red5 25. g4 1-0